[Event "29.Festival - Magistrale"]
[Site "Robecchetto con Induno ITA"]
[Date "2017.12.26"]
[Round "1"]
[White "Aranovitch, Emiliano"]
[Black "Brugo, Marco"]
[Result "1-0"]
[WhiteElo "2362"]
[BlackElo "2055"]
[PlyCount "67"]
[EventDate "2017.12.26"]

1. g3 f5 2. d4 Nf6 3. Bg2 e6 4. Nh3 Be7 5. Nf4 d6 6. Nc3 c6 7. e4 e5 8. dxe5
dxe5 9. Nd3 Qc7 10. f4 exf4 11. Bxf4 Qb6 12. Qe2 O-O 13. O-O-O Nxe4 14. Nxe4
fxe4 15. Bxe4 Bf6 16. Ne5 Nd7 17. Qh5 h6 18. Nc4 Qb5 19. Qxb5 cxb5 20. Nd6 Nc5
21. Bd5+ Be6 22. Nxb5 Bxd5 23. Rxd5 Ne6 24. Be5 Bg5+ 25. Kb1 Rfd8 26. c4 a6 27.
Nd6 Nc7 28. Rdd1 b5 29. c5 Ne6 30. c6 Bf6 31. Bxf6 gxf6 32. Rhe1 Nc7 33. Re7
Ra7 34. Rd4 1-0

[Event "29.Festival - Magistrale"]
[Site "Robecchetto con Induno ITA"]
[Date "2017.12.26"]
[Round "1"]
[White "De Palma, Fabrizio"]
[Black "Yao, Stefano"]
[Result "0-1"]
[WhiteElo "2051"]
[BlackElo "2281"]
[PlyCount "46"]
[EventDate "2017.12.26"]

1. d4 d5 2. Bg5 Nf6 3. Bxf6 exf6 4. e3 Bd6 5. g3 c6 6. Bg2 Bf5 7. Nd2 Qc8 8. e4
dxe4 9. Nxe4 Qe6 10. Qe2 Be7 11. Qe3 Na6 12. c3 Nc7 13. f3 h5 14. Ne2 Nd5 15.
Qd2 h4 16. gxh4 Rxh4 17. O-O-O O-O-O 18. b4 Bg6 19. N2g3 f5 20. Nc5 Qe3 21.
Rde1 Qxd2+ 22. Kxd2 Bg5+ 23. Kc2 Ne3+ 0-1

[Event "29.Festival - Magistrale"]
[Site "Robecchetto con Induno ITA"]
[Date "2017.12.26"]
[Round "1"]
[White "Gromovs, Sergejs"]
[Black "Guidi, Maurizio"]
[Result "1-0"]
[WhiteElo "2257"]
[BlackElo "2045"]
[PlyCount "47"]
[EventDate "2017.12.26"]

1. d4 Nf6 2. Nf3 g6 3. c4 Bg7 4. Nc3 O-O 5. e4 d6 6. Be2 Na6 7. O-O c5 8. d5
Bg4 9. Ne1 Bxe2 10. Qxe2 Nd7 11. f4 Nc7 12. Nf3 a6 13. a4 Bxc3 14. bxc3 Rb8 15.
f5 f6 16. fxg6 hxg6 17. Nh4 Ne5 18. Bf4 Qe8 19. Bxe5 dxe5 20. Qg4 Kh7 21. Rf3
e6 22. d6 Na8 23. Rh3 Kg7 24. Rg3 1-0

[Event "29.Festival - Magistrale"]
[Site "Robecchetto con Induno ITA"]
[Date "2017.12.26"]
[Round "1"]
[White "Tramalloni, Luca"]
[Black "Sbarra, Marco"]
[Result "1/2-1/2"]
[WhiteElo "2010"]
[BlackElo "2246"]
[PlyCount "73"]
[EventDate "2017.12.26"]

1. d4 Nf6 2. Bg5 b6 3. Nd2 Bb7 4. Ngf3 c5 5. c3 e6 6. e3 Be7 7. Bd3 d6 8. O-O
Nbd7 9. Qe2 O-O 10. a4 a6 11. e4 Re8 12. e5 dxe5 13. dxe5 Nd5 14. Bxe7 Qxe7 15.
g3 Nf8 16. Nc4 Red8 17. Nd6 Ng6 18. Nxb7 Qxb7 19. Be4 b5 20. axb5 axb5 21. Rxa8
Rxa8 22. c4 bxc4 23. Qxc4 Qxb2 24. Qxc5 Rd8 25. Bxg6 hxg6 26. Qd4 Qc2 27. Qh4
Rb8 28. Ng5 Rb1 29. Rxb1 Qxb1+ 30. Kg2 Qb7 31. Qe4 Qb2 32. Qf3 Qb7 33. h4 Qe7
34. Qe4 Qb4 35. Qf3 Qe7 36. Qe4 Qb4 37. Qf3 1/2-1/2

[Event "29.Festival - Magistrale"]
[Site "Robecchetto con Induno ITA"]
[Date "2017.12.26"]
[Round "1"]
[White "Medici, Simone"]
[Black "Colonetti, Fabio"]
[Result "1-0"]
[WhiteElo "2233"]
[BlackElo "1971"]
[PlyCount "86"]
[EventDate "2017.12.26"]

1. d4 d5 2. c4 e6 3. Nf3 c6 4. e3 Nf6 5. Nbd2 Nbd7 6. Bd3 Bd6 7. O-O e5 8. e4
O-O 9. cxd5 cxd5 10. exd5 exd4 11. Nc4 Nc5 12. Nxd6 Qxd6 13. Bc4 a6 14. Qxd4 b5
15. Bf4 Qb6 16. b4 Ncd7 17. Bb3 Qxd4 18. Nxd4 Nb6 19. d6 Nbd5 20. Be5 Nxb4 21.
d7 Bxd7 22. Bd6 Nc6 23. Nxc6 Bxc6 24. Bxf8 Kxf8 25. Rfd1 a5 26. Rac1 Be4 27. f3
Bg6 28. Kf2 a4 29. Bc2 b4 30. Bxg6 hxg6 31. Rd2 Ra6 32. Re2 Kg8 33. Rc8+ Kh7
34. Rb8 Nd5 35. Rd2 Ra5 36. Rb7 Kg8 37. Rd7 Nc3 38. Rd8+ Kh7 39. R2d4 b3 40.
axb3 axb3 41. Rh4+ Rh5 42. Rb4 Rxh2 43. Rxb3 Na4 1-0

[Event "29.Festival - Magistrale"]
[Site "Robecchetto con Induno ITA"]
[Date "2017.12.26"]
[Round "1"]
[White "Marinone, Lucio"]
[Black "Massironi, Marco"]
[Result "0-1"]
[WhiteElo "1971"]
[BlackElo "2202"]
[PlyCount "60"]
[EventDate "2017.12.26"]

1. d4 Nf6 2. c4 g6 3. Nc3 d5 4. Bg5 Bg7 5. Nf3 Ne4 6. Bf4 Nxc3 7. bxc3 c5 8. e3
Nc6 9. cxd5 Qxd5 10. Be2 cxd4 11. cxd4 e5 12. dxe5 Qa5+ 13. Qd2 Qxd2+ 14. Nxd2
Nxe5 15. O-O O-O 16. Rab1 Be6 17. Nf3 Nxf3+ 18. Bxf3 Bxa2 19. Rxb7 a5 20. Bd6
Rfd8 21. Rb6 Rac8 22. Rd1 a4 23. Ba3 Rxd1+ 24. Bxd1 Bf8 25. Bxf8 Rc1 26. Rd6
Kxf8 27. Kf1 Bc4+ 28. Ke1 a3 29. Kd2 a2 30. Kxc1 a1=Q+ 0-1

[Event "29.Festival - Magistrale"]
[Site "Robecchetto con Induno ITA"]
[Date "2017.12.26"]
[Round "1"]
[White "Ventura, Salvatore"]
[Black "Vada, Riccardo"]
[Result "1-0"]
[WhiteElo "2195"]
[BlackElo "1969"]
[PlyCount "35"]
[EventDate "2017.12.26"]

1. e4 c5 2. Nc3 Nc6 3. g3 e6 4. Bg2 Nf6 5. Nge2 d5 6. exd5 Nxd5 7. Nxd5 exd5 8.
d4 Bg4 9. h3 Be6 10. O-O Nxd4 11. Nxd4 cxd4 12. Qxd4 Qa5 13. Be3 Qb4 14. Qxb4
Bxb4 15. Rfd1 O-O 16. Bxd5 Bxh3 17. Bxb7 Rae8 18. Bg2 1-0

[Event "29.Festival - Magistrale"]
[Site "Robecchetto con Induno ITA"]
[Date "2017.12.26"]
[Round "1"]
[White "Bergero, Simone"]
[Black "Jara, Erick"]
[Result "0-1"]
[WhiteElo "1963"]
[BlackElo "2188"]
[PlyCount "60"]
[EventDate "2017.12.26"]

1. d4 Nf6 2. Bg5 d5 3. Nc3 c6 4. f3 h6 5. Bh4 Bf5 6. Qd2 Nbd7 7. O-O-O e6 8. e3
Bb4 9. Bd3 Bxd3 10. Qxd3 Qa5 11. Nge2 Nb6 12. b3 Qa3+ 13. Kb1 a5 14. Be1 Be7
15. Nc1 a4 16. Nxa4 Nxa4 17. bxa4 Qxa4 18. Qb3 O-O 19. Nd3 Nd7 20. Nb2 Qa6 21.
c4 dxc4 22. Nxc4 b5 23. Ne5 Nxe5 24. dxe5 c5 25. Rd7 c4 26. Qc2 Bc5 27. Bc3 b4
28. Bd4 b3 29. Qd2 Bxd4 30. Rxd4 c3 0-1

[Event "29.Festival - Magistrale"]
[Site "Robecchetto con Induno ITA"]
[Date "2017.12.26"]
[Round "1"]
[White "Ronce, Nathan"]
[Black "Autino, Massimiliano"]
[Result "1-0"]
[WhiteElo "2168"]
[BlackElo "1946"]
[PlyCount "63"]
[EventDate "2017.12.26"]

1. e4 b6 2. d4 Bb7 3. Bd3 Nf6 4. Qe2 Nc6 5. c3 e5 6. Nf3 Bd6 7. Bg5 h6 8. Bh4
O-O 9. O-O Re8 10. d5 Nb8 11. Nbd2 Bf8 12. a4 c6 13. dxc6 dxc6 14. Nc4 Nbd7 15.
Rad1 Qc7 16. h3 Nh5 17. Bg3 Nxg3 18. fxg3 Rad8 19. Kh2 Nc5 20. Bc2 Rxd1 21.
Rxd1 b5 22. axb5 cxb5 23. Ne3 Nxe4 24. Qxb5 Bc6 25. Nd5 Qd6 26. Qc4 Nxg3 27.
Nb4 Bxf3 28. Rxd6 Be2 29. Qc6 Nf1+ 30. Kg1 Rb8 31. Qc7 Rb5 32. Rd8 1-0

[Event "29.Festival - Magistrale"]
[Site "Robecchetto con Induno ITA"]
[Date "2017.12.26"]
[Round "1"]
[White "Ranfagni, Stefano"]
[Black "Giretti Kanev, Jasen"]
[Result "0-1"]
[WhiteElo "1939"]
[BlackElo "2147"]
[PlyCount "120"]
[EventDate "2017.12.26"]

1. e4 c6 2. d4 d5 3. exd5 cxd5 4. Bd3 Nf6 5. Ne2 Nc6 6. c3 Bg4 7. h3 Bh5 8. Qb3
Bxe2 9. Bxe2 Qc7 10. Bg5 e6 11. Nd2 Be7 12. O-O Ng4 13. Bxg4 Bxg5 14. Rad1 O-O
15. Rfe1 Rab8 16. a4 a6 17. Be2 Bf4 18. Qa2 Ne7 19. Nb3 Bh2+ 20. Kf1 Nf5 21.
Rd3 Bf4 22. Nc5 Bd6 23. b4 Bxc5 24. dxc5 Qh2 25. Bf3 Nh4 26. Qa1 Rfd8 27. Ke2
Nxg2 28. Bxg2 Qxg2 29. Rg3 Qe4+ 30. Kf1 Qh1+ 31. Ke2 Qe4+ 32. Kf1 Qc4+ 33. Kg1
g6 34. Qd1 Qh4 35. Qd3 Rbc8 36. Rg4 Qf6 37. Re3 e5 38. Rf3 Qe6 39. Rfg3 Kg7 40.
h4 e4 41. Qd4+ Qf6 42. Kf1 Rc6 43. b5 Re6 44. h5 axb5 45. axb5 Qxd4 46. cxd4
Ra8 47. hxg6 hxg6 48. Rg5 Ra1+ 49. Ke2 Ra2+ 50. Ke1 Rf6 51. Rg2 Rf3 52. R5g3
Raxf2 53. Rxf3 Rxf3 54. Rc2 Rb3 55. b6 Kf6 56. Kd1 Kf5 57. Kc1 e3 58. Kd1 Ke4
59. c6 bxc6 60. Rxc6 Kd3 0-1

[Event "29.Festival - Magistrale"]
[Site "Robecchetto con Induno ITA"]
[Date "2017.12.26"]
[Round "1"]
[White "Da Silva, Quentin"]
[Black "Di Chiara, Mauro"]
[Result "1-0"]
[WhiteElo "2138"]
[BlackElo "1898"]
[PlyCount "129"]
[EventDate "2017.12.26"]

1. e4 c5 2. Nf3 Nc6 3. Nc3 g6 4. d4 cxd4 5. Nxd4 Bg7 6. Be3 d6 7. Qd2 Nf6 8.
Be2 Bd7 9. O-O-O Nxd4 10. Bxd4 Bc6 11. f3 Qa5 12. Kb1 Rb8 13. Bxf6 Bxf6 14. Nd5
Qxd2 15. Nxf6+ exf6 16. Rxd2 Ke7 17. Bc4 Rhd8 18. Rhd1 Rd7 19. a3 b5 20. Bd5
Bxd5 21. Rxd5 a6 22. c3 Rc8 23. Kc2 Rc5 24. Kb3 Rxd5 25. Rxd5 Ke6 26. g4 Rc7
27. Kb4 Kd7 28. Ka5 Rc6 29. a4 bxa4 30. Kxa4 Rb6 31. b4 Rc6 32. Kb3 Ke6 33. Ra5
Kd7 34. Kc2 Kc7 35. Kd3 Kb6 36. Kd4 Kb7 37. c4 Kc7 38. Kd5 Kd7 39. h4 Rb6 40.
Ra4 Ke7 41. f4 h6 42. c5 dxc5 43. bxc5 Rb1 44. Rxa6 Rd1+ 45. Kc6 Rd4 46. Kb7
Rxe4 47. c6 Rxf4 48. c7 Rb4+ 49. Rb6 Rc4 50. c8=Q Rxc8 51. Kxc8 f5 52. gxf5
gxf5 53. Kb7 f6 54. Ka6 f4 55. Kb5 f3 56. Kc5 f2 57. Rb1 Ke6 58. Rf1 Kf5 59.
Rxf2+ Kg4 60. Rxf6 h5 61. Kd4 Kxh4 62. Rf3 Kg4 63. Ke3 h4 64. Kf2 h3 65. Ra3
1-0

[Event "29.Festival - Magistrale"]
[Site "Robecchetto con Induno ITA"]
[Date "2017.12.26"]
[Round "1"]
[White "Asperti, Giovanni"]
[Black "Bonassi, Tommaso"]
[Result "1-0"]
[WhiteElo "1926"]
[BlackElo "2100"]
[PlyCount "45"]
[EventDate "2017.12.26"]

1. e4 c5 2. Nf3 d6 3. d4 cxd4 4. Nxd4 Nf6 5. Nc3 a6 6. Bc4 e6 7. O-O b5 8. Bb3
Bb7 9. Re1 Nbd7 10. Bxe6 fxe6 11. Nxe6 Qb8 12. Qf3 h6 13. Qf5 Kf7 14. Nd5 g6
15. Qh3 Bg7 16. Nef4 Re8 17. Qg3 Bxd5 18. Qxg6+ Kf8 19. Nxd5 Ne5 20. Qf5 Qc8
21. Qf4 Qd8 22. Be3 Rc8 23. Bb6 1-0

[Event "29.Festival - Magistrale"]
[Site "Robecchetto con Induno ITA"]
[Date "2017.12.26"]
[Round "1"]
[White "Barlocco, Carlo"]
[Black "Valtemara, Mattia Angelo"]
[Result "1/2-1/2"]
[WhiteElo "2090"]
[BlackElo "1905"]
[PlyCount "154"]
[EventDate "2017.12.26"]

1. Nf3 Nf6 2. e3 d5 3. b3 c5 4. Bb2 Nc6 5. Bb5 Bd7 6. O-O e6 7. c4 Be7 8. cxd5
exd5 9. d4 cxd4 10. Nxd4 a6 11. Bxc6 bxc6 12. Nc3 O-O 13. Rc1 c5 14. Nf3 Be6
15. Na4 Ne4 16. Nd2 Nxd2 17. Qxd2 c4 18. bxc4 dxc4 19. Bd4 Rb8 20. Qc3 Bf6 21.
Bxf6 Qxf6 22. Qxf6 gxf6 23. Nc5 Rb2 24. a4 Rb4 25. Nxa6 Rxa4 26. Nc5 Rb4 27.
Rfd1 Rc8 28. Ne4 Kg7 29. Kf1 Kg6 30. h3 h5 31. Nc3 Rb2 32. Ke1 Rc7 33. Rd2 Rxd2
34. Kxd2 Rd7+ 35. Kc2 Rc7 36. Ne2 Ra7 37. Nf4+ Kg5 38. Kc3 Ra3+ 39. Kd2 Ra4 40.
Rc2 Bf5 41. Rb2 Ra3 42. Ne2 Rd3+ 43. Ke1 Ra3 44. Nd4 Bd3 45. f3 h4 46. Rb5+ Kg6
47. e4 Ra1+ 48. Kf2 Ra2+ 49. Ke3 Rxg2 50. Nf5 Re2+ 51. Kd4 Rc2 52. Nxh4+ Kg7
53. Nf5+ Kg6 54. Ke3 Re2+ 55. Kf4 c3 56. Rc5 c2 57. Nd4 Rh2 58. Ke3 Bf1 59.
Nxc2 Bxh3 60. Kf4 Rg2 61. Ne3 Rg5 62. Rc6 Be6 63. Nc2 f5 64. e5 Rh5 65. Nd4
Rh4+ 66. Ke3 Kg5 67. Nxe6+ fxe6 68. Rxe6 Ra4 69. Re8 f4+ 70. Kd3 Kf5 71. e6 Kf6
72. e7 Kf7 73. Rd8 Kxe7 74. Rd4 Rxd4+ 75. Kxd4 Kd6 76. Ke4 Ke6 77. Kxf4 Kf6
1/2-1/2

[Event "29.Festival - Magistrale"]
[Site "Robecchetto con Induno ITA"]
[Date "2017.12.27"]
[Round "2"]
[White "Ventura, Salvatore"]
[Black "Aranovitch, Emiliano"]
[Result "0-1"]
[WhiteElo "2195"]
[BlackElo "2362"]
[PlyCount "80"]
[EventDate "2017.12.26"]

1. e4 c5 2. Nc3 Nc6 3. g3 g6 4. Bg2 Bg7 5. d3 Rb8 6. Be3 d6 7. Nge2 b5 8. a3
Nd4 9. h3 e5 10. O-O Ne7 11. f4 exf4 12. Nxf4 O-O 13. Nfd5 Nxd5 14. Nxd5 Bb7
15. Nf4 Nc6 16. c3 Ne5 17. b3 Nd7 18. Qd2 b4 19. axb4 cxb4 20. Rxa7 bxc3 21.
Qc2 Ne5 22. Ne2 d5 23. Bc5 dxe4 24. dxe4 Re8 25. Nxc3 Qd3 26. Ra2 Qxg3 27. Ne2
Qg5 28. Qc1 Qh5 29. Nf4 Qg5 30. Kh1 Rbc8 31. b4 Nd7 32. Nd5 Qe5 33. Rc2 Nxc5
34. bxc5 Bc6 35. Qf4 Qxf4 36. Rxf4 h5 37. Nb6 Rcd8 38. Kg1 Rd3 39. Nc4 Bd4+ 40.
Kf1 Bxc5 0-1

[Event "29.Festival - Magistrale"]
[Site "Robecchetto con Induno ITA"]
[Date "2017.12.27"]
[Round "2"]
[White "Yao, Stefano"]
[Black "Ronce, Nathan"]
[Result "1-0"]
[WhiteElo "2281"]
[BlackElo "2168"]
[PlyCount "53"]
[EventDate "2017.12.26"]

1. d4 Nf6 2. Nf3 g6 3. c4 Bg7 4. g3 O-O 5. Bg2 d6 6. O-O c6 7. Nc3 Qa5 8. h3
Be6 9. Nd2 Qa6 10. d5 cxd5 11. cxd5 Bd7 12. Nb3 b5 13. a3 Rc8 14. Bg5 Rc4 15.
Kh2 Qc8 16. Na5 Rc5 17. Rc1 Na6 18. Be3 Rc7 19. Nc6 Bxc6 20. dxc6 Rb8 21. b4
Qf5 22. Qd2 h5 23. Bd4 Kh7 24. Bxf6 Bxf6 25. Nd5 Rd8 26. f4 Rcc8 27. Ne3 1-0

[Event "29.Festival - Magistrale"]
[Site "Robecchetto con Induno ITA"]
[Date "2017.12.27"]
[Round "2"]
[White "Jara, Erick"]
[Black "Gromovs, Sergejs"]
[Result "0-1"]
[WhiteElo "2188"]
[BlackElo "2257"]
[PlyCount "60"]
[EventDate "2017.12.26"]

1. c4 d6 2. g3 g6 3. Bg2 Bg7 4. Nc3 c6 5. d4 Nf6 6. Nf3 O-O 7. O-O Qa5 8. e4 a6
9. a3 Nbd7 10. h3 e5 11. Be3 exd4 12. Nxd4 Ne5 13. Qe2 c5 14. Nc2 Be6 15. Nd5
Bxd5 16. cxd5 c4 17. Nd4 Rfe8 18. Rfd1 Rac8 19. Kh2 Nd3 20. Rxd3 cxd3 21. Qxd3
Nd7 22. f3 Ne5 23. Qe2 Nc4 24. Bf2 Qd2 25. Qxd2 Nxd2 26. Rd1 Bxd4 27. Bxd4 Rc2
28. Kg1 f5 29. Re1 Nc4 30. Rb1 b5 0-1

[Event "29.Festival - Magistrale"]
[Site "Robecchetto con Induno ITA"]
[Date "2017.12.27"]
[Round "2"]
[White "Giretti Kanev, Jasen"]
[Black "Medici, Simone"]
[Result "0-1"]
[WhiteElo "2147"]
[BlackElo "2233"]
[PlyCount "74"]
[EventDate "2017.12.26"]

1. c4 e6 2. Nc3 d5 3. d4 Nf6 4. Bg5 Be7 5. cxd5 exd5 6. Qc2 O-O 7. e3 Re8 8.
Bd3 Nbd7 9. Nge2 Nf8 10. h3 c6 11. O-O-O b5 12. Kb1 a5 13. f3 Ba6 14. Ng3 h6
15. Bf4 Ne6 16. Be5 Nd7 17. f4 f6 18. f5 Nec5 19. dxc5 fxe5 20. f6 Nxf6 21. Bg6
Rf8 22. Qf5 Bc8 23. Qxe5 Bxc5 24. Nce4 Nxe4 25. Nxe4 Qe7 26. Rxd5 cxd5 27.
Qxd5+ Qe6 28. Qxe6+ Bxe6 29. Nxc5 Bf5+ 30. Bxf5 Rxf5 31. Nd3 Rd8 32. Nf4 Re5
33. Rc1 Rxe3 34. Rc5 Re1+ 35. Kc2 Rf1 36. g3 b4 37. Nd3 Rf3 0-1

[Event "29.Festival - Magistrale"]
[Site "Robecchetto con Induno ITA"]
[Date "2017.12.27"]
[Round "2"]
[White "Massironi, Marco"]
[Black "Da Silva, Quentin"]
[Result "1/2-1/2"]
[WhiteElo "2202"]
[BlackElo "2138"]
[PlyCount "102"]
[EventDate "2017.12.26"]

1. e4 c5 2. b4 cxb4 3. a3 bxa3 4. d4 e6 5. Nf3 Nf6 6. Bd3 Nc6 7. c3 Qa5 8. O-O
a2 9. Na3 Bxa3 10. Rxa2 Qxc3 11. Rxa3 Qb4 12. Ra4 Qb6 13. d5 Ne7 14. Be3 Qd8
15. Bxa7 exd5 16. e5 Ne4 17. Qb3 Rxa7 18. Rxa7 Nc5 19. Qa3 Nxd3 20. Qxd3 O-O
21. Rc1 d6 22. Ra8 dxe5 23. Nxe5 Qd6 24. Qc3 Nc6 25. Qg3 Qh6 26. f4 Qf6 27. Qe3
Rd8 28. Nxc6 bxc6 29. Qb6 Re8 30. Qxc6 Qxc6 31. Rxc6 Bd7 32. Rxe8+ Bxe8 33. Rd6
g6 34. Kf2 Kg7 35. g4 Ba4 36. Rxd5 Bb3 37. Rd6 Ba2 38. Ke3 h6 39. h4 Be6 40. g5
hxg5 41. hxg5 Bb3 42. Kd4 Bc2 43. Ke5 Bf5 44. Rf6 Bc2 45. Kd6 Kf8 46. Kd7 Bb3
47. Rb6 Bc4 48. Rb8+ Kg7 49. Ke7 Ba2 50. Rb4 Be6 51. Re4 Ba2 1/2-1/2

[Event "29.Festival - Magistrale"]
[Site "Robecchetto con Induno ITA"]
[Date "2017.12.27"]
[Round "2"]
[White "Sbarra, Marco"]
[Black "Asperti, Giovanni"]
[Result "1-0"]
[WhiteElo "2246"]
[BlackElo "1926"]
[PlyCount "85"]
[EventDate "2017.12.26"]

1. e4 c5 2. Nf3 d6 3. Bc4 Nf6 4. d3 Nc6 5. O-O e6 6. Bb3 Be7 7. c3 O-O 8. Re1
b6 9. Nbd2 Bb7 10. Nf1 Rc8 11. Bc2 Qd7 12. a3 Ne5 13. Bf4 Nxf3+ 14. Qxf3 d5 15.
Ng3 dxe4 16. dxe4 Qb5 17. b3 Rfd8 18. Rad1 Qe8 19. Qe2 Rxd1 20. Rxd1 Qc6 21.
Bd3 Rd8 22. Re1 Qd7 23. Bc4 Qc6 24. f3 g6 25. a4 a5 26. Rd1 Qc8 27. Nf1 Ne8 28.
Ne3 Nd6 29. Bd3 f6 30. e5 Nf5 31. Nc4 Qc6 32. Be4 Rxd1+ 33. Qxd1 Qc7 34. exf6
Qxf4 35. fxe7 Nxe7 36. Qd8+ Kf7 37. Nd6+ Kg7 38. Qxe7+ Kh6 39. Nf7+ Kg7 40.
Ne5+ Kh8 41. Qd8+ Kg7 42. Qc7+ Kg8 43. Qb8+ 1-0

[Event "29.Festival - Magistrale"]
[Site "Robecchetto con Induno ITA"]
[Date "2017.12.27"]
[Round "2"]
[White "Valtemara, Mattia Angelo"]
[Black "Tramalloni, Luca"]
[Result "1/2-1/2"]
[WhiteElo "1905"]
[BlackElo "2010"]
[PlyCount "57"]
[EventDate "2017.12.26"]

1. e4 Nf6 2. e5 Nd5 3. d4 d6 4. Nf3 dxe5 5. Nxe5 c6 6. Qf3 Be6 7. c3 Nd7 8. Nd3
g6 9. Nd2 Bg7 10. Ne4 N5f6 11. Nxf6+ Nxf6 12. Nf4 Bg4 13. Qg3 O-O 14. Be2 Bxe2
15. Nxe2 Re8 16. O-O e5 17. dxe5 Nh5 18. Qf3 Rxe5 19. Ng3 Nxg3 20. hxg3 Rb5 21.
Qe2 Qe8 22. Qc2 Rd8 23. Be3 a6 24. Rad1 Rbd5 25. Rxd5 Rxd5 26. Rd1 Qd7 27. Rxd5
Qxd5 28. Qd2 Qxd2 29. Bxd2 1/2-1/2

[Event "29.Festival - Magistrale"]
[Site "Robecchetto con Induno ITA"]
[Date "2017.12.27"]
[Round "2"]
[White "Bonassi, Tommaso"]
[Black "Barlocco, Carlo"]
[Result "1-0"]
[WhiteElo "2100"]
[BlackElo "2090"]
[PlyCount "51"]
[EventDate "2017.12.26"]

1. e4 Nc6 2. Nc3 e6 3. d4 Bb4 4. Nf3 Nf6 5. Bd3 d5 6. exd5 exd5 7. h3 Ne4 8.
O-O Nxc3 9. bxc3 Bxc3 10. Rb1 Bb4 11. c4 Be7 12. Re1 O-O 13. cxd5 Qxd5 14. Be4
Qd8 15. d5 Nb8 16. Rb3 Nd7 17. Bb1 Nf6 18. Bg5 Bd7 19. Rxb7 h6 20. Bh4 Bd6 21.
Qd3 g6 22. Qd4 Qc8 23. Bxf6 Qxb7 24. Qh4 Qb6 25. Bd4 Bc5 26. Qxh6 1-0

[Event "29.Festival - Magistrale"]
[Site "Robecchetto con Induno ITA"]
[Date "2017.12.27"]
[Round "2"]
[White "Brugo, Marco"]
[Black "Vada, Riccardo"]
[Result "1-0"]
[WhiteElo "2055"]
[BlackElo "1969"]
[PlyCount "73"]
[EventDate "2017.12.26"]

1. d4 c6 2. c4 d5 3. Nc3 Nf6 4. Nf3 e6 5. Bg5 Bb4 6. Qb3 Qa5 7. Bxf6 gxf6 8. e3
Nd7 9. Rc1 dxc4 10. Bxc4 Rg8 11. O-O Bd6 12. Ne4 Be7 13. Rfd1 Nb6 14. Bf1 Nd5
15. Nc5 b6 16. Nd3 Bb7 17. e4 Nc7 18. a3 Rb8 19. Nf4 Bd6 20. Qe3 Rg4 21. e5 Bf8
22. b4 Qa4 23. h3 Rg8 24. Nh5 Nd5 25. Nxf6+ Nxf6 26. exf6 Rd8 27. Bc4 Rd6 28.
Qd3 Rg6 29. Ne5 Rxf6 30. Re1 Rf4 31. d5 Be7 32. Qxh7 cxd5 33. Qh8+ Bf8 34. Bf1
Rd8 35. Rc7 Ba8 36. Nxf7 Rxf7 37. Rxe6+ 1-0

[Event "29.Festival - Magistrale"]
[Site "Robecchetto con Induno ITA"]
[Date "2017.12.27"]
[Round "2"]
[White "Autino, Massimiliano"]
[Black "De Palma, Fabrizio"]
[Result "0-1"]
[WhiteElo "1946"]
[BlackElo "2051"]
[PlyCount "40"]
[EventDate "2017.12.26"]

1. b3 e5 2. Bb2 Nc6 3. c4 Nf6 4. Nf3 e4 5. Nd4 Bc5 6. e3 O-O 7. Nxc6 dxc6 8. d4
exd3 9. Bxd3 Ng4 10. h3 Qh4 11. Qf3 Nxe3 12. g3 Qd8 13. Bxh7+ Kxh7 14. fxe3
Bxe3 15. Rf1 Bh6 16. g4 Re8+ 17. Kf2 Qh4+ 18. Kg2 Re3 19. Qxe3 Bxe3 20. Rxf7
Be6 0-1

[Event "29.Festival - Magistrale"]
[Site "Robecchetto con Induno ITA"]
[Date "2017.12.27"]
[Round "2"]
[White "Guidi, Maurizio"]
[Black "Bergero, Simone"]
[Result "1-0"]
[WhiteElo "2045"]
[BlackElo "1963"]
[PlyCount "37"]
[EventDate "2017.12.26"]

1. Nf3 d5 2. g3 Nf6 3. Bg2 c5 4. d4 cxd4 5. Nxd4 e5 6. Nb3 Be6 7. O-O Nbd7 8.
Nc3 d4 9. Ne4 Nxe4 10. Bxe4 Qc7 11. e3 Bh3 12. Re1 Bb4 13. Bd2 dxe3 14. Rxe3
Bxd2 15. Qxd2 O-O-O 16. Rc3 Nc5 17. Qe3 Kb8 18. Nxc5 f5 19. Na6+ 1-0

[Event "29.Festival - Magistrale"]
[Site "Robecchetto con Induno ITA"]
[Date "2017.12.27"]
[Round "2"]
[White "Colonetti, Fabio"]
[Black "Ranfagni, Stefano"]
[Result "1-0"]
[WhiteElo "1971"]
[BlackElo "1939"]
[PlyCount "113"]
[EventDate "2017.12.26"]

1. e4 e6 2. d4 d5 3. Nc3 dxe4 4. Nxe4 Nd7 5. Nf3 Ngf6 6. Nxf6+ Nxf6 7. c3 c5 8.
Ne5 a6 9. Bg5 h6 10. Bh4 cxd4 11. Qa4+ Bd7 12. Qxd4 Be7 13. O-O-O Bb5 14. Qxd8+
Bxd8 15. c4 Rc8 16. Kb1 Bc6 17. Nxc6 Rxc6 18. Be2 O-O 19. b3 g5 20. Bg3 Ne4 21.
Bf3 Nc3+ 22. Kc2 Nxd1 23. Rxd1 Bb6 24. Bxc6 bxc6 25. Rd7 Rd8 26. Rxd8+ Bxd8 27.
Bd6 f5 28. c5 Kf7 29. b4 Kf6 30. a4 e5 31. b5 axb5 32. axb5 cxb5 33. c6 Ke6 34.
c7 Bxc7 35. Bxc7 Kd5 36. Kc3 e4 37. Kb4 f4 38. Bb6 Kc6 39. Bc5 h5 40. h3 g4 41.
hxg4 h4 42. Ba7 Kd5 43. Kxb5 f3 44. gxf3 exf3 45. g5 Ke5 46. Kc4 Kf5 47. Kd3
Kxg5 48. Ke3 Kg4 49. Ke4 Kh3 50. Kxf3 Kh2 51. Kg4 h3 52. Bb8+ Kg2 53. f3 Kf2
54. Bg3+ Ke3 55. f4 Ke4 56. f5 Kd5 57. Kxh3 1-0

[Event "29.Festival - Magistrale"]
[Site "Robecchetto con Induno ITA"]
[Date "2017.12.27"]
[Round "2"]
[White "Di Chiara, Mauro"]
[Black "Marinone, Lucio"]
[Result "1/2-1/2"]
[WhiteElo "1898"]
[BlackElo "1971"]
[PlyCount "61"]
[EventDate "2017.12.26"]

1. Nf3 c5 2. c4 g6 3. Nc3 Bg7 4. d4 cxd4 5. Nxd4 Nc6 6. Nb3 Nf6 7. e4 d6 8. Be2
O-O 9. O-O Be6 10. c5 Bxb3 11. Qxb3 Nd4 12. Qxb7 Rb8 13. Qxa7 Nxe4 14. Nxe4
Nxe2+ 15. Kh1 Rb4 16. Ng3 Nxc1 17. Raxc1 Bd4 18. b3 Bxc5 19. Qa6 Qa8 20. Qe2
Qa7 21. Rc2 Rf4 22. Ne4 Bd4 23. f3 Ra8 24. Rfc1 Be5 25. a4 h5 26. Rc7 Qb6 27.
Qc2 d5 28. Rc8+ Rxc8 29. Qxc8+ Kg7 30. Nc5 Bd6 31. Rc3 1/2-1/2

[Event "29.Festival - Magistrale"]
[Site "Robecchetto con Induno ITA"]
[Date "2017.12.27"]
[Round "3"]
[White "Aranovitch, Emiliano"]
[Black "Gromovs, Sergejs"]
[Result "1/2-1/2"]
[WhiteElo "2362"]
[BlackElo "2257"]
[PlyCount "61"]
[EventDate "2017.12.26"]

1. e4 c5 2. Nf3 d6 3. Bb5+ Nd7 4. d4 a6 5. Bxd7+ Bxd7 6. dxc5 Qa5+ 7. Nc3 Qxc5
8. Be3 Qa5 9. Qe2 Nf6 10. Bd2 Qc7 11. O-O-O e6 12. e5 dxe5 13. Nxe5 Bd6 14. Bf4
O-O 15. Bg3 Bb5 16. Qe3 Rfd8 17. Rhe1 Rac8 18. Rd2 Be8 19. Red1 b5 20. Nd7 Rxd7
21. Bxd6 Rxd6 22. Rxd6 b4 23. R1d2 bxc3 24. Qxc3 Qxc3 25. bxc3 Nd5 26. Kb2 Nxc3
27. R6d4 Nd5 28. c4 Rb8+ 29. Kc1 Nb4 30. Rb2 e5 31. Rdd2 1/2-1/2

[Event "29.Festival - Magistrale"]
[Site "Robecchetto con Induno ITA"]
[Date "2017.12.27"]
[Round "3"]
[White "Medici, Simone"]
[Black "Yao, Stefano"]
[Result "1/2-1/2"]
[WhiteElo "2233"]
[BlackElo "2281"]
[PlyCount "90"]
[EventDate "2017.12.26"]

1. d4 d5 2. c4 dxc4 3. Nf3 Nf6 4. e3 Bg4 5. Bxc4 e6 6. h3 Bh5 7. O-O a6 8. b3
Nc6 9. Bb2 Bd6 10. Nbd2 O-O 11. Be2 Re8 12. Rc1 Bf8 13. a3 h6 14. b4 Bg6 15.
Nb3 Nd7 16. Nc5 Nxc5 17. dxc5 Qxd1 18. Rfxd1 f6 19. Rd7 Re7 20. Rcd1 Be8 21.
R7d2 Bf7 22. Bc4 Ree8 23. Bb3 Red8 24. Rd7 Rac8 25. Ba4 Rxd7 26. Rxd7 Nb8 27.
Rd2 e5 28. Bc2 Be6 29. Nh4 Nc6 30. Be4 Rd8 31. Rxd8 Nxd8 32. f4 exf4 33. exf4
a5 34. Bd4 axb4 35. axb4 Bc4 36. Ng6 Ne6 37. Be3 c6 38. g4 Nc7 39. f5 Nd5 40.
Bxd5+ Bxd5 41. Bf4 Kf7 42. Bc7 Be7 43. Kf2 Ke8 44. Kg3 Kd7 45. Nxe7 Kxe7
1/2-1/2

[Event "29.Festival - Magistrale"]
[Site "Robecchetto con Induno ITA"]
[Date "2017.12.27"]
[Round "3"]
[White "Da Silva, Quentin"]
[Black "Sbarra, Marco"]
[Result "0-1"]
[WhiteElo "2138"]
[BlackElo "2246"]
[PlyCount "62"]
[EventDate "2017.12.26"]

1. e4 e5 2. Nf3 Nc6 3. Bb5 a6 4. Ba4 Nf6 5. O-O Be7 6. Qe2 b5 7. Bb3 d6 8. a4
Bg4 9. c3 O-O 10. h3 Bh5 11. d3 Na5 12. Bc2 c5 13. Rd1 Qc7 14. Nbd2 Rab8 15.
axb5 axb5 16. g4 Bg6 17. b3 b4 18. c4 Nc6 19. Bb2 Nd7 20. Ra2 Ra8 21. Rda1 Rxa2
22. Rxa2 h5 23. g5 Qd8 24. h4 f6 25. Qe3 Nd4 26. Nxd4 exd4 27. Qg3 fxg5 28.
hxg5 h4 29. Qxh4 Bxg5 30. Qg3 Ne5 31. Nf1 Bh4 0-1